| Tag |
First Indicator |
Second Indicator |
Subfields |
| LEADER |
00000cam a2200000Mi 4500 |
| 001 |
in00005633708 |
| 006 |
m o d |
| 007 |
cr |n|---||||a |
| 008 |
070907s2005 vau o 000 0 eng d |
| 005 |
20250331201015.1 |
| 035 |
|
|
|a (OCoLC)ocn183271249
|
| 040 |
|
|
|a UAB
|b eng
|e pn
|c UAB
|d OCLCG
|d ALSTP
|d OCLCQ
|d FTUBL
|d OCLCO
|d OCLCQ
|d MUQ
|d OCLCQ
|d OCLCF
|d RRP
|d BRX
|d WYU
|d OCLCO
|d YOU
|d OCL
|d CNCEN
|d OCLCA
|d UAB
|d OCLCO
|d OCLCQ
|d OCLCL
|
| 019 |
|
|
|a 593495337
|
| 035 |
|
|
|a (OCoLC)183271249
|z (OCoLC)593495337
|
| 050 |
|
4 |
|a PS634
|
| 082 |
0 |
4 |
|a 812/.52
|q OCoLC
|2 22/eng/20230216
|
| 049 |
|
|
|a TXAM
|
| 100 |
1 |
|
|a Kelly, George,
|d 1887-1974.
|1 https://id.oclc.org/worldcat/entity/E39PBJB8vKfFGc6yPhdrD7GGpP
|
| 245 |
1 |
4 |
|a The flattering word /
|c by George Kelly.
|
| 250 |
|
|
|a [1st electronic ed.].
|
| 260 |
|
|
|a Alexandria, VA :
|b Alexander Street Press,
|c 2005.
|
| 300 |
|
|
|a 1 online resource.
|
| 336 |
|
|
|a text
|b txt
|2 rdacontent
|
| 337 |
|
|
|a computer
|b c
|2 rdamedia
|
| 338 |
|
|
|a online resource
|b cr
|2 rdacarrier
|
| 490 |
1 |
|
|a Twentieth century North American drama
|
| 500 |
|
|
|a Title from HTML t.p. (viewed Sept. 7, 2007).
|
| 650 |
|
0 |
|a American drama.
|
| 650 |
|
6 |
|a Théâtre américain.
|
| 650 |
|
7 |
|a American drama.
|2 fast
|0 (OCoLC)fst00806998
|
| 655 |
|
7 |
|a Electronic books.
|2 local
|
| 655 |
|
0 |
|a American drama.
|
| 655 |
|
7 |
|a Drama.
|2 fast
|0 (OCoLC)fst01423879
|
| 655 |
|
7 |
|a Drama.
|2 lcgft
|
| 655 |
|
7 |
|a Théâtre.
|2 rvmgf
|
| 710 |
2 |
|
|a Alexander Street (Firm)
|
| 758 |
|
|
|i has work:
|a The flattering word (Text)
|1 https://id.oclc.org/worldcat/entity/E39PCGCkmhFKX3XVfD4XQBtvVC
|4 https://id.oclc.org/worldcat/ontology/hasWork
|
| 830 |
|
0 |
|a Twentieth century North American drama.
|
| 856 |
4 |
0 |
|u http://proxy.library.tamu.edu/login?url=https://www.aspresolver.com/aspresolver.asp?NADR;PL028837
|z Connect to the full text of this electronic book
|t 0
|
| 955 |
|
|
|a Alexander Street - Twentieth Century North American Drama
|
| 994 |
|
|
|a 92
|b TXA
|
| 999 |
f |
f |
|s 78aaf19f-13e4-4057-bba8-4bdea40685bd
|i 2e9eb6b3-eaa5-4724-9b83-fe54a54e31d9
|t 0
|
| 952 |
f |
f |
|a Texas A&M University
|b College Station
|c Electronic Resources
|d Available Online
|t 0
|e PS634
|h Library of Congress classification
|
| 998 |
f |
f |
|a PS634
|t 0
|l Available Online
|